000 00550nam a2200193Ia 4500
005 20260120124623.0
008 008 260114s9999 xx 000 0 eng d
020 _a9780762312726
037 _aEBOOK
040 _aCRL
_beng
_cCRL
041 _aeng
_2eng
084 _qCRL
100 _aAustin Sarat
_9908488
245 0 _aStudies in Law, Politics and Society
260 _bEmerald Publishing
_c2006
856 _uhttps://www.emerald.com/insight/publication/doi/10.1016/S1059-4337(2006)38
942 _cEBOOK
999 _c1500382
_d1500382